Hledání vlastní cesty listy a reporty o moderním managementu
Salvato in:
| Autore principale: | |
|---|---|
| Altri autori: | |
| Natura: | Libro |
| Lingua: | ceco |
| Pubblicazione: |
Brno
Computer Press
2011
|
| Soggetti: | |
| Tags: |
Nessun Tag, puoi essere il primo ad aggiungerne!!
|
MARC
| LEADER | 00000nam a2200000 4500 | ||
|---|---|---|---|
| 001 | 0148198 | ||
| 005 | 20240313085837.4 | ||
| 020 | |a 978-80-251-1611-1 | ||
| 041 | 0 | |a cze | |
| 044 | |a CZ | ||
| 245 | 1 | 0 | |a Hledání vlastní cesty |b listy a reporty o moderním managementu |c Milan Zelený ; překlad: Michal Kurfürst |
| 264 | 1 | |a Brno |b Computer Press |c 2011 | |
| 300 | |a 319 s. | ||
| 610 | 2 | 0 | |a podnikanie |
| 610 | 2 | 0 | |a riadenie podnikové |
| 610 | 2 | 0 | |a rozhodovanie |
| 610 | 2 | 0 | |a vedomosti |
| 610 | 2 | 0 | |a technológia |
| 610 | 2 | 0 | |a inovácia |
| 610 | 2 | 0 | |a stratégia podniková |
| 610 | 2 | 0 | |a podnik |
| 610 | 2 | 0 | |a aliancie strategické |
| 610 | 2 | 0 | |a manažéri |
| 610 | 2 | 0 | |a kríza |
| 100 | 1 | |a Zelený, Milan | |
| 700 | 1 | |a Kurfürst, Michal | |